Internal combustion engines (Record no. 24482)

000 -LEADER
fixed length control field 00576nam a22002051 4500
001 - CONTROL NUMBER
control field 24482
003 - CONTROL NUMBER IDENTIFIER
control field BD-DhUET
008 - FIXED-LENGTH DATA ELEMENTS--GENERAL INFORMATION
fixed length control field 681231s1968 paua b 001 0 eng
040 ## - CATALOGING SOURCE
Original cataloging agency DLC
Transcribing agency DLC
Modifying agency BD-DhUET
082 00 - DEWEY DECIMAL CLASSIFICATION NUMBER
Classification number 621.43
Item number OBE/1968
100 ## - MAIN ENTRY--PERSONAL NAME
Personal name Obert, Edward F.
245 10 - TITLE STATEMENT
Title Internal combustion engines
250 ## - EDITION STATEMENT
Edition statement 3rd ed.
260 ## - PUBLICATION, DISTRIBUTION, ETC. (IMPRINT)
Place of publication, distribution, etc. Scranton
Name of publisher, distributor, etc. International Textbook
Date of publication, distribution, etc. 1968
300 ## - PHYSICAL DESCRIPTION
Extent xiii, 736p.
Other physical details illus
490 0# - SERIES STATEMENT
Series statement International textbooks in mechanical engineering
504 ## - BIBLIOGRAPHY, ETC. NOTE
Bibliography, etc Includes bibliographies
650 #0 - SUBJECT ADDED ENTRY--TOPICAL TERM
Topical term or geographic name as entry element Internal combustion engines
942 ## - ADDED ENTRY ELEMENTS (KOHA)
Koha item type General Book
Holdings
Withdrawn status Koha item type Koha issues (times borrowed) Copy number Shelving location Lost status Date acquired Koha date last borrowed Not for loan Sublocation or collection (holding branch) Koha normalized classification for sorting Source of classification or shelving scheme Location (home branch) Piece designation (barcode) Damaged status Price effective from Koha date last seen Koha full call number
 General Book21Circulation section 2015-05-092019-09-28 Central Library, BUET621_430000000000000_OBE_1968 Central Library, BUET19063 2015-05-092019-11-18621.43/OBE/1968
 General Book 2Reading section 2015-06-16  Central Library, BUET621_430000000000000_OBE_1968 Central Library, BUET32007 2015-06-162015-06-16621.43/OBE/1968
 Reading Item 3Reading section 2015-06-16  Central Library, BUET621_430000000000000_OBE_1968 Central Library, BUET40437 2015-06-162015-06-16621.43/OBE/1968
 Reading Item 4Reading section 2015-06-23  Central Library, BUET621_430000000000000_OBE_1968 Central Library, BUET19060 2015-06-232015-06-23621.43/OBE/1968
 Reading Item 5Reading section 2015-07-03  Central Library, BUET621_430000000000000_OBE_1968 Central Library, BUET32117 2015-07-032015-07-03621.43/OBE/1968